000 00435nam a2200193Ia 4500
999 _c60295
_d60295
003 0100
005 20170713091540.0
008 130303s9999 xx 000 0 und d
040 _cARRUPELIB
050 _aB791.B65
100 _aBoas, George
_933003
245 _aDominant themes of morden philosophy
245 _ba history
260 _bThe Ronald Press
_aNew York
_c1957
300 _ax
300 _b 660p. 23cm.
650 _aPhilosophy, modern
_933004
942 _2lcc
_cMONOGRAPH